| 000 | 00889nam a22002897a 4500 | ||
|---|---|---|---|
| 003 | CHAP | ||
| 005 | 20220329143733.0 | ||
| 008 | 110511s1978 mx r 00010 spa d | ||
| 010 | _a101150 | ||
| 011 | _a102122 | ||
| 035 | _a112810 | ||
| 040 | _cCHAP | ||
| 082 | 0 | 2 |
_a371.28 _bF84 |
| 245 | 0 | 3 |
_aEl fracaso escolar _c/por Henri Salvat ... [et. al] |
| 260 |
_aMéxico, D.F. : _bCultura popular, _c1978 |
||
| 300 |
_a149 p. : _bilus. |
||
| 590 |
_aBATCH-UPD _b10 _c20130110 _lUCH01 _h1352 |
||
| 590 |
_aBATCH-UPD _b10 _c20130410 _lUCH01 _h0848 |
||
| 590 |
_aBATCH-UPD _b10 _c20130914 _lUCH01 _h1158 |
||
| 590 |
_aCONVERSION _b10 _c20130109 _lUCH01 _h1356 |
||
| 650 | 0 | 4 |
_aDeserción escolar. _932126 |
| 650 | 0 | 4 |
_aRendimiento escolar. _995908 |
| 700 | 1 |
_aSalvat, Henri _9101868 |
|
| 901 | _aBK | ||
| 942 | _cLIBRO | ||
| 949 |
_a371.28 F84 _bBC _cLIBRO _d33724002254603 _eLIBRO _h1114889 _i112810 _sb |
||
| 999 |
_c101150 _d101150 |
||